| 000 | 00434nam a2200181Ia 4500 | ||
|---|---|---|---|
| 008 | 230524s9999 xx 000 0 und d | ||
| 020 | _a9788131809426 | ||
| 082 | _bPUN | ||
| 100 | _aB.C.Punmia | ||
| 245 | 0 | _aR.C.C.Designs | |
| 250 | _a1 | ||
| 260 |
_aNew Delhi _bLaxmi Pub. _c2015 |
||
| 300 | _a"xxi,1243p;" | ||
| 500 | _aQuantity Number: 1 | ||
| 650 | _aCivil | ||
| 700 |
_aAshok Kumar Jain [etal....] _941509 |
||
| 942 | _cBK | ||
| 999 |
_c55773 _d55773 |
||